| Поле | Инд. | ПП | Название | Значение |
|---|---|---|---|---|
| Тип записи | a | |||
| Библиографический уровень | b | |||
| 001 | Контрольный номер | RU/IS/BASE/138281512 | ||
| 005 | Дата корректировки | 20200630193307.1 | ||
| 084 | a | Индекс другой классификации/Индекс ББК | 85.313(2=411.2)5 | |
| a | Индекс другой классификации/Индекс ББК | 85.314-03 | ||
| a | Индекс другой классификации/Индекс ББК | 85.318.9 | ||
| 100 | 1_ | a | Автор | Гунина О. В. |
| q | Полное имя | Гунина Ольга Владимировна | ||
| 245 | _1 | a | Заглавие | "Эстетический поворот" в русской музыке XVII века: от "ангелогласного пения" к "грамматике мусикийской" |
| 504 | a | Библиография | Библиогр.: с. 163 | |
| 650 | 04 | a | Основная рубрика | искусство |
| a | Основная рубрика | история музыки | ||
| a | Основная рубрика | музыка | ||
| 653 | 0_ | a | Ключевые слова | XVII век |
| a | Ключевые слова | барокко | ||
| a | Ключевые слова | история | ||
| a | Ключевые слова | история искусства | ||
| a | Ключевые слова | история культуры | ||
| a | Ключевые слова | музыкальная культура | ||
| a | Ключевые слова | музыкальное искусство | ||
| a | Ключевые слова | мусики | ||
| a | Ключевые слова | партесное пение | ||
| a | Ключевые слова | пение | ||
| a | Ключевые слова | Россия | ||
| a | Ключевые слова | светское пение | ||
| a | Ключевые слова | средневековая культура | ||
| a | Ключевые слова | церковное пение | ||
| 773 | 18 | t | Заглавие источника | Общественные науки и современность |
| d | Дата издания источника | 2004 | ||
| g | Прочая информация | № 1. - С. 154 - 163 | ||
| w | Контрольный № источника | RU/IS/BASE/129046545 | ||
| 901 | t | Тип документа | b |